| 000 | nam a22 7a 4500 | ||
|---|---|---|---|
| 999 |
_c15840 _d15840 |
||
| 008 | 161105b xxu||||| |||| 00| 0 eng d | ||
| 020 | _a9781416037873 | ||
| 050 | _aRT 41 .M34 2007 | ||
| 100 |
_aMaebius, Nancy K. _d2007 |
||
| 245 |
_aStudy guide : _bLinton, Introduction to medical-surgical nursing/ _cNancy K. Maebius |
||
| 250 | _a4th ed | ||
| 260 |
_aSt. Louis, Mo. : _b Saunders/Elsevier, _c2007. |
||
| 300 |
_aviii, 630 p. : _bill.: _c28cm. |
||
| 521 | _aIncludes index. | ||
| 650 | _aNursing -- Examinations, questions, etc. | ||
| 650 | _aNursing Care -- Examinations, questions, etc. | ||
| 650 | _aEnfermerÃa -- Examenes, preguntas, etc. | ||
| 942 |
_2lcc _cBOOKS _hRT 41 .M34 2007 |
||